A concise dictionary of accounting and finance (Record no. 79717)

MARC details
000 -LEADER
fixed length control field 00688nam a2200181 a 4500
008 - FIXED-LENGTH DATA ELEMENTS--GENERAL INFORMATION
fixed length control field 120416s1986 ||||||||||||||||| || u
020 ## - INTERNATIONAL STANDARD BOOK NUMBER
International Standard Book Number 0712106847
050 ## - LIBRARY OF CONGRESS CALL NUMBER
Classification number HF 5621 BRO
100 ## - MAIN ENTRY--PERSONAL NAME
Personal name Brockington, Raymond
245 12 - TITLE STATEMENT
Title A concise dictionary of accounting and finance
260 ## - PUBLICATION, DISTRIBUTION, ETC.
Place of publication, distribution, etc. London
Name of publisher, distributor, etc. Pitman
Date of publication, distribution, etc. 1986
300 ## - PHYSICAL DESCRIPTION
Extent vii, 127p.
350 ## -
-- 0.00
650 ## - SUBJECT ADDED ENTRY--TOPICAL TERM
Topical term or geographic name entry element TEXTBOOKS
650 ## - SUBJECT ADDED ENTRY--TOPICAL TERM
Topical term or geographic name entry element FINANCE--DICTIONARIES
995 ## -
-- REFERENCE BOOKS
-- 0.00
-- 721464
-- CBU-MAIN LIBRARY (Kitwe)
-- 1
-- 4.95
-- HF 5621 Bro
-- 1
-- REFERENCE
-- 022567
-- Reference Collection
995 ## -
-- REFERENCE BOOKS
-- 0.00
-- 721078
-- CBU-MAIN LIBRARY (Kitwe)
-- 2
-- 4.95
-- HF 5621 Bro
-- 2
-- REFERENCE
-- 022568
-- Reference Collection
999 ## -
-- 79717
-- 79717
Holdings
Withdrawn status Lost status Source of classification or shelving scheme Damaged status Not for loan Permanent Location Current Location Shelving location Date acquired Total Checkouts Full call number Barcode Date last seen Copy number Price effective from Koha item type
          CBU-MAIN LIBRARY, KITWE. CBU-MAIN LIBRARY, KITWE.   06/29/2023   HF 5621 BRO 022567 06/29/2023 1 06/29/2023 REFERENCE COLLECTION
          CBU-MAIN LIBRARY, KITWE. CBU-MAIN LIBRARY, KITWE.   06/29/2023   HF 5621 BRO 022568 06/29/2023 2 06/29/2023 REFERENCE COLLECTION